| 000 | 00799cam a22002414a 4500 | ||
|---|---|---|---|
| 001 | 12368041 | ||
| 005 | 20250204130613.0 | ||
| 008 | 010403s2002 paua b 001 0 eng | ||
| 020 | _a158255109X (alk. paper) | ||
| 050 | 0 | 0 |
_aRB113 _b.A87 2002 |
| 082 | 0 | 0 |
_a616.07/022/2 _221 |
| 245 | 0 | 0 | _aAtlas of pathophysiology. |
| 260 |
_aSpringhouse, Pa. : _bSpringhouse, _cc2002. |
||
| 300 |
_avii, 423 p. : _bcol. ill. ; _c29 cm. |
||
| 500 | _aAt head of title: Anatomical Chart Co. | ||
| 650 | 0 |
_aPhysiology, Pathological _vAtlases. |
|
| 650 | 1 | 2 |
_aPathology _vAtlases. |
| 650 | 2 | 2 |
_aPhysiology _vAtlases. |
| 710 | 2 | _aSpringhouse Corporation. | |
| 710 | 2 | _aAnatomical Chart Co. | |
| 856 | 4 | 2 |
_3Publisher description _uhttp://www.loc.gov/catdir/enhancements/fy0727/2001031149-d.html |
| 942 |
_2lcc _cBK _n0 |
||
| 999 |
_c3421 _d3421 |
||